Normal view
MARC view
Entry Personal Name
001 - CONTROL NUMBER
- control field: 48724
003 - CONTROL NUMBER IDENTIFIER
- control field: dpl
005 - DATE AND TIME OF LATEST TRANSACTION
- control field: 20120608132357.0
008 - FIXED-LENGTH DATA ELEMENTS
- fixed length control field: 120608|||a|||||| | ||| d
040 ## - CATALOGING SOURCE
- Original cataloging agency: dpl
- Transcribing agency: dpl
100 ## - HEADING--PERSONAL NAME
- Personal name: Chakraborty, A K
670 ## - SOURCE DATA FOUND
- Source citation: Work cat.: (dpl): Chakraborty, A K, Dismissal of the naval chief :
670 ## - SOURCE DATA FOUND
- Source citation: Work cat.: (dpl): Chakraborty, A K, Dismissal of the naval chief :
